000 00750nam a2200229 a 4500
005 20240228064105.0
008 121024s2007 mx r 000 0 spa d
020 _a9788498262940
035 _aUPN01000188032
049 _aI
050 4 _aPQ8180.432 E4.3
_bD5.5
100 1 _aVélez Gómez, María Eliana,
_d1979-
_932883
245 1 3 _aEl diminuto Piti /
_cMaría Eliana Vélez ; il. Mayte Ramos.
260 _aValencia, Esp. :
_bECIR,
_c2007.
300 _a[32] p. :
_bprincipalmente il., col.
440 0 _aMulticolor ;
_v7.
_pPequeños lectores de 6 a 8 años
650 4 _aLITERATURA INFANTIL COLOMBIANA
_911063
650 4 _aLibros y lectura para niños
_92290
700 1 _aRamos, Mayte,
_eil.
905 _aInfantil
999 _c160135
_d160135